书目信息 |
| 题名: |
别说你懂iPad2
|
|
| 作者: | 王毅 著 | |
| 分册: | ||
| 出版信息: | 重庆 重庆出版社 2011 |
|
| 页数: | 238页 | |
| 开本: | 21cm | |
| 丛书名: | ||
| 单 册: | ||
| 中图分类: | TP368.32 | |
| 科图分类: | ||
| 主题词: | 便携式计算机--基本知识 | |
| 电子资源: | ||
| ISBN: | 978-7-229-04215-8 | |
| 000 | 01038nam0 2200217 450 | |
| 001 | 2345552325 | |
| 005 | 20231203123944.23 | |
| 010 | @a978-7-229-04215-8@dCNY32.00 | |
| 100 | @a20110801d2011 em y0chiy50 ea | |
| 101 | 0 | @achi |
| 102 | @aCN@b500000 | |
| 105 | @aa z 000yy | |
| 200 | 1 | @a别说你懂iPad2@Abie shuo ni dong iPad2@f王毅著 |
| 210 | @a重庆@c重庆出版社@d2011 | |
| 215 | @a238页@c彩图@d21cm | |
| 330 | @a本书主要以iPad2的应用程序分类, 如教育 (可细分为幼教、青少年教育、成人教育)、影音分享 (高清、媒体播放器)、游戏、效率管理 (人脉管理、日程与任务管理、电子商务、会议管理、文档、PPT演示、财经)、创作 (美术、音乐、视频、摄影)、生活 (购物、时尚、美食、健康、交流、休闲、导航)、阅读 (电子期刊、电子书、有声读物、互动读物)、网络应用 (如家庭网络应用、互联网应用、客厅高清播放机、万能遥控器、媒体资源库与服务器等) 等方面精心挑选, 将有趣的iOS App Store应用程序推荐给读者。 | |
| 606 | 0 | @a便携式计算机@x基本知识 |
| 690 | @aTP368.32@v5 | |
| 701 | 0 | @a王毅@Awang yi@4著 |
| 801 | 0 | @aCN@b湖北三新@c20110825 |
| 905 | @aZUCC@dTP368.32@e6 | |
| 别说你懂iPad2/王毅著.-重庆:重庆出版社,2011 |
| 238页:彩图;21cm |
| ISBN 978-7-229-04215-8:CNY32.00 |
| 本书主要以iPad2的应用程序分类, 如教育 (可细分为幼教、青少年教育、成人教育)、影音分享 (高清、媒体播放器)、游戏、效率管理 (人脉管理、日程与任务管理、电子商务、会议管理、文档、PPT演示、财经)、创作 (美术、音乐、视频、摄影)、生活 (购物、时尚、美食、健康、交流、休闲、导航)、阅读 (电子期刊、电子书、有声读物、互动读物)、网络应用 (如家庭网络应用、互联网应用、客厅高清播放机、万能遥控器、媒体资源库与服务器等) 等方面精心挑选, 将有趣的iOS App Store应用程序推荐给读者。 |
| ● |
| 相关链接 |
|
|
|
正题名:别说你懂iPad2
索取号:TP368.32/6
 
预约/预借
| 序号 | 登录号 | 条形码 | 馆藏地/架位号 | 状态 | 备注 |
| 1 | 2001307537 | 2001307537 | 322书库/ [索取号:TP368.32/6] | 在馆 | |
| 2 | 2001307538 | 2001307538 | 322书库/ [索取号:TP368.32/6] | 在馆 | |
| 3 | 2001307539 | 2001307539 | 322书库/ [索取号:TP368.32/6] | 在馆 | |
| 4 | 2001307540 | 2001307540 | 322书库/ [索取号:TP368.32/6] | 在馆 | |
| 5 | 2001307541 | 2001307541 | 322书库/ [索取号:TP368.32/6] | 在馆 | |
| 6 | 2001307542 | 2001307542 | 322书库/ [索取号:TP368.32/6] | 在馆 | |
| 7 | 2001307543 | 2001307543 | 322书库/ [索取号:TP368.32/6] | 在馆 | |
| 8 | 2001307544 | 2001307544 | 322书库/ [索取号:TP368.32/6] | 在馆 | |
| 9 | 2001307545 | 2001307545 | 322书库/ [索取号:TP368.32/6] | 在馆 | |
| 10 | 2001307546 | 2001307546 | 322书库/ [索取号:TP368.32/6] | 在馆 | |
| 11 | 2001307547 | 2001307547 | 322书库/ [索取号:TP368.32/6] | 在馆 | |
| 12 | 2001307548 | 2001307548 | 322书库/ [索取号:TP368.32/6] | 在馆 | |
| 13 | 2001307549 | 2001307549 | 322书库/ [索取号:TP368.32/6] | 在馆 | |
| 14 | 2001307550 | 2001307550 | 322书库/ [索取号:TP368.32/6] | 在馆 | |
| 15 | 2001307551 | 2001307551 | 322书库/ [索取号:TP368.32/6] | 在馆 | |
| 16 | 2001307552 | 2001307552 | 322书库/ [索取号:TP368.32/6] | 在馆 | |
| 17 | 2001307553 | 2001307553 | 322书库/ [索取号:TP368.32/6] | 在馆 | |
| 18 | 2001307554 | 2001307554 | 322书库/ [索取号:TP368.32/6] | 在馆 | |
| 19 | 2001307555 | 2001307555 | 322书库/ [索取号:TP368.32/6] | 在馆 | |
| 20 | 2001307556 | 2001307556 | 322书库/ [索取号:TP368.32/6] | 在馆 | |
| 21 | 2001307557 | 2001307557 | 322书库/ [索取号:TP368.32/6] | 在馆 | |
| 22 | 2001307558 | 2001307558 | 322书库/ [索取号:TP368.32/6] | 在馆 | |
| 23 | 2001307559 | 2001307559 | 322书库/ [索取号:TP368.32/6] | 在馆 | |
| 24 | 2001307560 | 2001307560 | 322书库/ [索取号:TP368.32/6] | 在馆 | |
| 25 | 2001307561 | 2001307561 | 322书库/ [索取号:TP368.32/6] | 在馆 | |
| 26 | 2001307562 | 2001307562 | 322书库/ [索取号:TP368.32/6] | 在馆 | |
| 27 | 2001307563 | 2001307563 | 322书库/ [索取号:TP368.32/6] | 在馆 |